000 00527cam a22001812 4500
001 0000001007
005 20170406113043.0
008 131122s xx 000 0 eng d
020 _c$
040 _aYour Holding Symbol
_cYour Holding Symbol
100 1 _d Me, Place.
245 1 0 _aWith your son :
_bthe spiritual excercises in everyday life.
250 _a ed.
260 _aMaryland :
_bthe geogetown university press,
_c1986.
300 _a105 p. ;
_c cm.
650 0 _atheology.
908 _a131122
999 _c926
_d926